Szczegóły MARC21

Antropomotoryka : przewodnik do ćwiczeń /

003 -Nazwa inst., której nr kontr. jest w polu 001 [,]
    • @
    • Nazwa instytucji, której n kontrolny jest w polu 001
    • NUKAT
005 -DATA I CZAS OSTATNIEJ MODYFIKACJI [,]
    • @
    • pole kontrolne
    • 20241231093024.0
020 -Międzynarod. znormalizowany nr książki - ISBN [ , ]
    • a
    • Numer ISBN
    • 9788320042214 Find
040 -Instytucja sporządzająca opis [ , ]
    • a
    • Instytucja, która sporządziła opis (NP)
    • SZCZ 010/KW
    • c
    • Instytucja, która sporządziła rekord (NP)
    • SZCZ 010/KW
    • d
    • Instytucja, która zmodyfikowała rekord (P)
    • SZCZ 010/JT
    • d
    • Instytucja, która zmodyfikowała rekord (P)
    • GD 27/MDUs
    • d
    • Instytucja, która zmodyfikowała rekord (P)
    • KR U/BUs
942 -Rodzaj dokumentu [ , ]
    • c
    • Rodzaj dokumentu
    • Książka
100 -Hasło główne - nazwa osobowa [1, ]
    • a
    • Nazwa osobowa (NP)
    • Wilczewski, Adam
    • d
    • Daty biograficzne (NP)
    • (1954- ).
    • 9
    • KHW
    • 39185
245 -Strefa tytułu i oznaczenia odpowiedzialności [1,0]
    • a
    • Tytuł
    • Antropomotoryka : Find
    • b
    • Ciąg dalszy tytułu (NP)
    • przewodnik do ćwiczeń / Find
    • c
    • Pozostałe elementy strefy tytułu i oznaczenia odpowiedzialności (NP)
    • Adam Wilczewski, Ireneusz Chaliburda, Jerzy Saczuk.
260 -Strefa adresu wydawniczego [ , ]
    • a
    • Miejsce wydania (P)
    • Warszawa :
    • b
    • Nazwa wydawcy (P)
    • Wydawnictwo Lekarskie PZWL,
    • c
    • Data wydania (P)
    • cop. 2011.
300 -Strefa opisu fizycznego [ , ]
    • a
    • Określenie formy książki i/lub objętość (NP)
    • 152 s. :
    • b
    • Oznaczenie ilustracji (NP)
    • il. ;
    • c
    • Format (NP)
    • 24 cm.
336 -Typ zawartości [ , ]
    • a
    • Termin opisujący typ zawartości
    • Tekst
    • b
    • Kod określający zawartość
    • txt
    • 2
    • Źródło (terminu i kodu)
    • rdacontent
337 -Typ mediów [ , ]
    • a
    • Tryb odtwarzania
    • Bez urządzenia pośredniczącego
    • b
    • Kod typu mediów
    • n
    • 2
    • Źródło (terminu i kodu)
    • rdamedia
338 -Typ/rodzaj nośnika [ , ]
    • a
    • Hasło opisujące typ nośnika
    • Wolumin
    • b
    • Kod typu nośnika
    • nc
    • 2
    • Źródło (terminu i kodu)
    • rdacarrier
504 -Uwaga dot. bibliogr. załącznikowej [ , ]
    • a
    • Uwaga dot. bibliografii załącznikowej
    • Bibliogr. s. [146]-150. Indeks.
080 -Uniwersalna Klasyfikacja Dziesiętna [ , ]
    • 2
    • Identyfikator wydania tablic
    • UDC-P058
    • 9
    • UKD
    • 6278
    • a
    • Symbol klasyfikacji
    • 796.012
    • b
    • Dopowiedzenie
    • Fizjologia sportu. Fizjologia wysiłku. Motoryka.
650 -Hasło przedmiotowe [ ,7]
    • a
    • Hasło przedmiotowe
    • Motoryka
    • x
    • Określnik rzeczowy
    • aspekt antropologiczny.
    • 2
    • Źródło terminu
    • kaba
    • 9
    • KHW
    • 587675
650 -Hasło przedmiotowe [ ,7]
    • a
    • Hasło przedmiotowe
    • Motoryka
    • v
    • Określnik formalny
    • podręczniki akademickie.
    • 2
    • Źródło terminu
    • kaba
    • 9
    • KHW
    • 380608
650 -Hasło przedmiotowe [ ,7]
    • a
    • Hasło przedmiotowe
    • Kondycja fizyczna
    • x
    • Określnik rzeczowy
    • testy
    • v
    • Określnik formalny
    • podręczniki akademickie.
    • 2
    • Źródło terminu
    • kaba
    • 9
    • KHW
    • 655183
650 -Hasło przedmiotowe [ ,7]
    • a
    • Hasło przedmiotowe
    • Kondycja fizyczna
    • x
    • Określnik rzeczowy
    • pomiar.
    • 2
    • Źródło terminu
    • kaba
    • 9
    • KHW
    • 353987
650 -Hasło przedmiotowe [ ,7]
    • a
    • Hasło przedmiotowe
    • Motoryka
    • x
    • Określnik rzeczowy
    • pomiar
    • v
    • Określnik formalny
    • tabele, wykresy.
    • 2
    • Źródło terminu
    • kaba
    • 9
    • KHW
    • 375922
980 -Symbol UKD [ , ]
    • a
    • UKD
    • 796.012
700 -Hasło dodatkowe - nazwa osobowa [1, ]
    • a
    • Nazwa osobowa (NP)
    • Chaliburda, Ireneusz. Find
    • 9
    • KHW
    • 655002
700 -Hasło dodatkowe - nazwa osobowa [1, ]
    • a
    • Nazwa osobowa (NP)
    • Saczuk, Jerzy. Find
    • 9
    • KHW
    • 39187
710 -Hasło dodatkowe - nazwa ciała zbiorowego [2, ]
    • a
    • Nazwa ciała zbiorowego lub nazwa geograficzna jako pierwszy element (NP)
    • Wydawnictwo Lekarskie PZWL.
    • 4
    • Kod relacji
    • pbl
    • 9
    • KHW
    • 57488
920 -ISBN [ , ]
    • a
    • ISBN
    • 978-83-200-4221-4 Find
Data inwentaryzacji Status udost. Sygnatura Lokalizacja Numer inwentarzowy
2012-01-161Antropomotoryka 29BMWF.8922